000 02091nam a22002777a 4500
005 2008060904244.0
008 080819t xxu||||| |||| 00| 0 eng d
010 _aHIN-83378 B-283461
020 _a8190225456
_c200.00
035 _aHN-55724 B-283461
035 _aB-256885
037 _bDBAD / PUB
040 _aDPL
_bHN
082 _a425
100 _aद्विवेदी, दीक्षा
_945971
245 _aअच्छी हिन्दी तथा व्याकरण प्रयोगः
_b(प्राथमिक कक्षाओं के विद्यार्थियों के लिए) /
_cदीक्षा द्विवेदी
246 _aAchchhi Hindi tatha vyakaran prayog
_bby Diksha Dwivedi
260 _aदिल्ली
_bडिस्कवरी बुक सैंटर
_c2008 (संशोधित संस्करण)
270 _a1/9427, वैस्ट रोहतास नगर, शाहदरा
_bदिल्ली
_e110032
300 _a176पृ
_bसचित्र
_c22सेमी(सजिल्द)
942 _2ddc
_cHN
_h425
_m द्विवेदी
999 _c13415
_d13415